| 000 | 00593nam a2200205 4500 | ||
|---|---|---|---|
| 001 | 149066 | ||
| 003 | ES-MaACL | ||
| 005 | 20260305170506.0 | ||
| 007 | t| | ||
| 008 | 070214n19001990sp r ||||1| spa d | ||
| 100 | 1 |
_aSwiggett, Howard. _9108945 |
|
| 245 | 1 | 3 |
_aEl poder y el premio / _cHoward Swiggett ; traducción de P. Albigés. |
| 260 |
_aBarcelona : _bJano, _c[19__?] |
||
| 300 |
_a295 p. ; _c19 cm. |
||
| 490 | 1 | _aCol. aliciente | |
| 700 | 1 |
_aAlbigés, P. _919379 |
|
| 830 | 0 |
_aColección Aliciente _9183482 |
|
| 852 |
_aES-MaACL _jC-16324 _bR.38554 |
||
| 999 |
_c149066 _d149066 |
||